Normal view MARC view

Entry Personal Name

Number of records used in: 1

001 - CONTROL NUMBER

  • control field: 158049

003 - CONTROL NUMBER IDENTIFIER

  • control field: OSt

005 - DATE AND TIME OF LATEST TRANSACTION

  • control field: 20220923211103.0

008 - FIXED-LENGTH DATA ELEMENTS

  • fixed length control field: 220923|| aca||aabn | a|a d

040 ## - CATALOGING SOURCE

  • Original cataloging agency: OSt
  • Transcribing agency: OSt

100 ## - HEADING--PERSONAL NAME

  • Personal name: लास्की, हेराल्ड जें.; सिंह, विरेन्द्रपाल, अनु

670 ## - SOURCE DATA FOUND

  • Source citation: Work cat.: (OSt)295051: लास्की, हेराल्ड जें.; सिंह, विरेन्द्रपाल, अनु., राजनीति का व्याकरण, 2005
Copyright @ Delhi University Library System